|
|
|
|
| LEADER |
01067nab#a2200385#ar4500 |
| 001 |
000117621 |
| 003 |
SVKKK |
| 005 |
20160718105050.0 |
| 008 |
160718c2016 xo |||||||||||||||b|slo |
| FMT |
|
|
|
| 015 |
|
|
|a SNBRB2016/07
|
| 038 |
|
|
|a SVKKK
|
| 040 |
|
|
|a SVKKK
|b slo
|e AACR2
|
| 041 |
0 |
|
|a slo
|
| 044 |
|
|
|a xo
|c SK
|
| 080 |
|
|
|a 502.17
|2 2011
|
| 080 |
|
|
|a 551.58
|2 2011
|
| 100 |
1 |
|
|a Garčár, Ivan
|4 aut
|4 pht
|
| 245 |
1 |
0 |
|a Svetové dni vody a meteorológie v SHMÚ
|c Ivan Garčár
|
| 300 |
|
|
|b Fotogr.
|
| 610 |
2 |
4 |
|a Slovenský hydrometeorologický ústav (Bratislava, Slovensko)
|
| 650 |
0 |
4 |
|a ochrana životného prostredia
|
| 650 |
0 |
4 |
|a meteorológia
|
| 650 |
0 |
4 |
|a hydrológia
|
| 650 |
0 |
4 |
|a klimatológia
|
| 651 |
|
4 |
|a Slovensko
|
| 773 |
0 |
|
|t Enviromagazín : odborno-náučný časopis o životnom prostredí
|g Roč. 21, č. 2 (2016), s. 9
|x 1335-1877
|
| 958 |
|
|
|a SK
|
| 974 |
|
|
|a Va
|
| 992 |
|
|
|a RBX
|
| BAS |
|
|
|
| 852 |
|
|
|a SVKKK
|b BIB
|
| 856 |
4 |
1 |
|a http://www.enviromagazin.sk/enviro2016/02_envirmagazino_2016.pdf
|
| EXP |
|
|
|
| 998 |
|
|
|a GEO
|